| 000 | 00638nam a2200193 i 4500 | ||
|---|---|---|---|
| 001 | 75905 | ||
| 003 | ES-MaACL | ||
| 005 | 20230906172640.0 | ||
| 007 | t| | ||
| 008 | 040928q1905 fr ||||1| fre d | ||
| 100 | 1 |
_aGrimm, Jacob ( _d1785-1863) _960060 |
|
| 245 | 1 | 0 |
_aContes des fréres Grimm / _ctraduits de l'allemand par Ernest Grégoire et Louis Moland. |
| 260 |
_aParis : _b[s.n., _c1905?] ( _eLevallois-Perret : _fCrété de L. Abbre) |
||
| 300 |
_aX, 344 p. ; _c18 cm. |
||
| 700 | 1 |
_aGrégoire, Ernest. _959882 |
|
| 700 | 1 |
_aMoland, Louis. _981839 |
|
| 700 | 1 |
_aGrimm, Wilhelm ( _d1786-1859) _9168467 |
|
| 852 |
_aES-MaACL _jF-11036 |
||
| 999 |
_c75905 _d75905 |
||